| 000 | 00441nam a2200181Ia 4500 | ||
|---|---|---|---|
| 001 | 24665 | ||
| 008 | 140411s9999 xx 000 0 und d | ||
| 020 | _a0-85969-560-3 | ||
| 040 | _cPK-LaUMT | ||
| 082 |
_a 155.9042 _bCOL-O |
||
| 100 | _aVernon Coleman | ||
| 245 |
_aOvercoming stress _cVernon Coleman |
||
| 260 |
_aLondon,UK: _bSheldon Press, _c1988 |
||
| 300 | _a138 p. | ||
| 546 | _aEN | ||
| 650 | _aStress (physiology) | ||
| 942 | _cBK | ||
| 999 |
_c24857 _d24857 |
||